Mapas de progreso del aprendizaje: sector lenguaje y comunicación mapa de progreso de lectura
Enregistré dans:
| Collectivité auteur: | |
|---|---|
| Format: | Livre |
| Langue: | espagnol |
| Publié: |
Santiago
Ministerio de Educación
2008
|
| Sujets: | |
| Tags: |
Ajouter un tag
Pas de tags, Soyez le premier à ajouter un tag!
|
MARC
| LEADER | 00000nam a2200000 a 4500 | ||
|---|---|---|---|
| 001 | UCG1274 | ||
| 003 | CL-VaPUC | ||
| 008 | 100429e20080000CL |||||||||||||||||spa|d | ||
| 020 | |a 9789562921404 | ||
| 082 | 0 | 4 | |a 371.102 |b MIN |2 21 |
| 110 | 2 | |a Ministerio de Educación |e author |9 549122 | |
| 245 | 1 | 0 | |a Mapas de progreso del aprendizaje: sector lenguaje y comunicación mapa de progreso de lectura |
| 300 | |a 51 p | ||
| 942 | |c BK | ||
| 945 | |d 20100429 00:00:00 |a rbrito | ||
| 260 | |a Santiago |b Ministerio de Educación |c 2008 | ||
| 650 | 0 | |a Enseñanza |9 256457 | |
| 650 | 0 | |a Aprendizaje |9 254827 | |
| 650 | 0 | |a Enseñanza de la lectura |9 308364 | |
| 650 | 0 | |a Lenguaje |9 265069 | |
| 583 | |a last modification |c 20100429 00:00:00 |k Rodrigo Vera | ||
| 999 | |c 340679 |d 340677 | ||
| 952 | |0 0 |1 0 |4 0 |6 371_102000000000000_MIN_2008 |7 0 |8 A |9 435614 |a BIBEDU |b BIBEDU |d 2019-11-22 |i 4666569 |o 371.102 MIN 2008 |p 4666569 |r 2019-11-22 |w 2019-11-22 |y BK |k EBA | ||
| 952 | |0 0 |1 0 |4 0 |6 371_102000000000000_MIN_2008 |7 0 |8 A |9 435615 |a BIBEDU |b BIBEDU |d 2019-11-22 |i 4666577 |o 371.102 MIN 2008 |p 4666577 |r 2019-11-22 |w 2019-11-22 |y BK |k EBA | ||
| 952 | |0 0 |1 0 |4 0 |6 371_102000000000000_MIN_2008 |7 0 |8 A |9 435616 |a BIBEDU |b BIBEDU |d 2019-11-22 |i 473890K |o 371.102 MIN 2008 |p 473890K |r 2019-11-22 |w 2019-11-22 |y BK |k LIT | ||